00689nam a2200193Ia 4500008004100000020001800041082001600059100002300075245007700098250000800175260004100183300002700224500001900251600002100270650005000291942000700341952013000348999001700478240925s9999 xx 000 0 und d a9781118890943 a005.133 PER aPerkovic, Ljubomir 0aIntroduction to Computing using Python: an application development focus a2nd aNew York:bJohn Wiley & Sonsc,2015. aix, 445p.b0fOriginal aIncludes Index aComputer Science aComputer science, information & general works cBK 001040708CSaUITUbUITUd2018-10-09eFair Book Centerg500.00l0o005.133 PERpQ11897r2024-09-25 07:16:14w2024-09-25yBK c14396d14396